00701nam a2200169 i 4500001000700000003000900007005001700016007000300033008004100036100004100077245013300118260009600251300002200347852002200369999001900391952012100410129746ES-MaACL20250920063100.0t|070704s1915 sp ||||1| spa d1 aZozaya, Antonio, d1859-1943911837413aLa guerra de las ideas b: la filosofía, el derecho, la moral, la historia, la estética, la sociología / cAntonio Zozaya. aMadrid : bSociedad General Española de Librería, c1915 (fImp. de Ediciones España) a224 p. ; c19 cm. aES-MaACLjF-10096 c129746d129746 00104070aATENEOMbATENEOMcSPP2d2008-01-17eSCl0oF-10096p1135101r2023-02-23 00:00:00w2023-02-23yMONOGRAFIA